Statistics for Countries that start with M

Click here to take the quiz!

General Stats

  • This quiz has been taken 43 times
  • The average score is 11 of 15

Answer Stats

ContinentAnswer% Correct
North AmericaMexico
90%
EuropeMonaco
86%
AfricaMali
83%
AfricaMauritania
83%
EuropeMontenegro
81%
EuropeMalta
79%
AfricaMozambique
79%
AfricaMadagascar
76%
EuropeMoldova
76%
OceaniaMarshall Islands
71%
AfricaMorocco
71%
AfricaMalawi
69%
AsiaMalaysia
69%
AsiaMongolia
69%
AsiaMaldives
64%

Score Distribution

Percentile by Number Answered

Percent of People with Each Score

Your Score History

You have not taken this quiz